Employability of Associate in Computer Technology Graduates of Cavite State University Rosario Campus S.Y. 2003-2004 to 2007-2008 (Record no. 3930)

MARC details
000 -LEADER
fixed length control field 01210nam a22002657a 4500
003 - CONTROL NUMBER IDENTIFIER
control field OSt
005 - DATE AND TIME OF LATEST TRANSACTION
control field 20250323204305.0
008 - FIXED-LENGTH DATA ELEMENTS--GENERAL INFORMATION
fixed length control field 250307b ||||| |||| 00| 0 eng d
040 ## - CATALOGING SOURCE
Language of cataloging English.
Transcribing agency CvSU-CCAT Campus Library.
Description conventions rda.
050 ## - LIBRARY OF CONGRESS CALL NUMBER
Classification number UM HF 5381
Item number C38 2010
100 ## - MAIN ENTRY--PERSONAL NAME
Personal name Catuiran, Mary Ann S., author.
9 (RLIN) 14788
245 ## - TITLE STATEMENT
Title Employability of Associate in Computer Technology Graduates of Cavite State University Rosario Campus S.Y. 2003-2004 to 2007-2008
Statement of responsibility, etc. Mary Ann S. Catuiran and Maria Theresa P. Santos
260 ## - PUBLICATION, DISTRIBUTION, ETC.
Place of publication, distribution, etc. Rosario, Cavite :
Name of publisher, distributor, etc. Cavite State University-CCAT Campus,
Date of publication, distribution, etc. 2010
300 ## - PHYSICAL DESCRIPTION
Extent xii, 37 leaves :
Other physical details illustrations ;
Dimensions 28 cm
500 ## - GENERAL NOTE
General note Undergraduate Thesis (BSIE Major in Girls Trades) -- Cavite State University-CCAT Campus, 2010.
504 ## - BIBLIOGRAPHY, ETC. NOTE
Bibliography, etc. note Includes bibliographical references and appendices.
546 ## - LANGUAGE NOTE
Language note In English text
650 ## - SUBJECT ADDED ENTRY--TOPICAL TERM
Topical term or geographic name entry element Graduate -- Employment.
9 (RLIN) 15370
650 ## - SUBJECT ADDED ENTRY--TOPICAL TERM
Topical term or geographic name entry element Associate in Computer Technology (ACT).
9 (RLIN) 15374
650 ## - SUBJECT ADDED ENTRY--TOPICAL TERM
Topical term or geographic name entry element Employability.
9 (RLIN) 9503
700 ## - ADDED ENTRY--PERSONAL NAME
Personal name Santos, Maria Theresa P., author.
9 (RLIN) 14789
700 ## - ADDED ENTRY--PERSONAL NAME
Personal name Nepomuceno, Lucena C., adviser.
9 (RLIN) 13188
942 ## - ADDED ENTRY ELEMENTS (KOHA)
Source of classification or shelving scheme Library of Congress Classification
Koha item type Thesis/Manuscripts/Dissertations
Call number prefix UM
Classification part HF 5381 C38 2010
Holdings
Withdrawn status Lost status Source of classification or shelving scheme Damaged status Not for loan Collection code Home library Current library Shelving location Date acquired Coded location qualifier Full call number Barcode Date last seen Copy number Price effective from Koha item type
    Library of Congress Classification     Thesis/Manuscript/Dissertation Cavite State University - CCAT Campus Cavite State University - CCAT Campus TH 04/29/2010 UM UM HF 5381 C38 2010 T0000515 10/24/2025 1 03/07/2025 Thesis/Manuscripts/Dissertations